000 00698nam a2200217Ia 4500
001 15467
003 GE_BSU
008 181216s||||||||xx |||||||||||||| ||und||
040 _cGE_BSU
080 _a821.353.1-32+821.353.1-31
100 _aჩხეიძე,ოთარ
245 _aრჩეული თხზულებანი სამ ტომად. ტ.1
245 _bრომანები.
245 _cრედ.მ.სანადირაძე. მხატვ. დ.გრიგოლია
260 _aთბილისი
260 _bმერანი
260 _c1986
300 _a640გვ.20სმ.
653 _aრომანები.
942 _cBK
999 _c48568
_d48568